logo

Bir Sreshtho Munshi Abdur Rouf Library
Jhenaidah Cadet College

আইনস্টাইনের বাড়ি ভ্যানগঘের হলুদ ভুবন / (Record no. 6187)

MARC details
000 -LEADER
fixed length control field 00766nam a2200241 a 4500
001 - CONTROL NUMBER
JCCL Control Number 6187
003 - CONTROL NUMBER IDENTIFIER
JCCL marc code BD-JhCC
005 - DATE AND TIME OF LATEST TRANSACTION
control field 20180118104707.0
008 - FIXED-LENGTH DATA ELEMENTS--GENERAL INFORMATION
fixed length control field 171023s2011 bg a|||| |||| 000 0 ben d
020 ## - INTERNATIONAL STANDARD BOOK NUMBER
International Standard Book Number 9789845020077
035 ## - SYSTEM CONTROL NUMBER
system control number (BD-JhCC)6187
040 ## - CATALOGING SOURCE
Original cataloging agency BD-JhCC
Modifying agency BD-JhCC
041 ## - LANGUAGE CODE
Language code of Book ben
082 ## - DEWEY DECIMAL CLASSIFICATION NUMBER
Classification number 910.4
Author mark and Year CHA 2011
100 ## - MAIN ENTRY--PERSONAL NAME
Personal name চক্রবর্তী, বরেন
245 ## - TITLE STATEMENT
Title আইনস্টাইনের বাড়ি ভ্যানগঘের হলুদ ভুবন /
Statement of responsibility, etc বরেন চক্রবর্তী
260 ## - PUBLICATION, DISTRIBUTION, ETC. (IMPRINT)
Place of publication, distribution, etc ঢাকা :
Name of publisher, distributor, etc অন্যপ্রকাশ,
Date of publication, distribution, etc ২০১১.
300 ## - PHYSICAL DESCRIPTION
Pagination 414 পৃ. ;
Dimensions ২২ সে.মি.
650 ## - SUBJECT ADDED ENTRY--TOPICAL TERM
Topical term or geographic name as entry element Travelogue
650 ## - SUBJECT ADDED ENTRY--TOPICAL TERM
Topical term or geographic name as entry element Arts
942 ## - ADDED ENTRY ELEMENTS (KOHA)
Source of classification or shelving scheme Dewey Decimal Classification
Koha item type Books
Holdings
Source of classification or shelving scheme Damaged status Not for loan Home library Current library Shelving location Date of accession Cost, normal purchase price Total Checkouts Full call number Barcode Date last seen Date checked out Copy number Koha item type
Dewey Decimal Classification     JCC Rouf Library JCC Rouf Library General Stacks 01/16/2018 600.00 1 910.4 CHA 2011 8080 05/02/2024 04/25/2024 C-1 Books
Dewey Decimal Classification     JCC Rouf Library JCC Rouf Library General Stacks 02/14/2018 600.00   910.4 CHA 2011 10428 02/14/2018   C-1 Books

JCC Library | Contacts | JCC Home

Last Update on 23 September 2017
Copyright @ 2017-2020 JCC Rouf Library
Rouf Library, Jhenidah Cadet College (JCC), Bangladesh